000 00733cam a22002411 4500
001 sa 64001174
003 DLC
005 20260227112001.0
008 801017s1963 ii a 000 0 eng
010 _asa 64001174
025 _aPL480:I-E-2255
035 _a(OCoLC)6836607
040 _aDLC
_cNIC
_dDLC
042 _apremarc
050 0 0 _aHC435
_b.N3564
110 2 _aNational Council of Applied Economic Research.
245 1 0 _aEconomic implications of the present emergency.
260 _aNew Delhi
_c[1963]
300 _av, 66 p.
_btables.
_c24 cm.
490 1 _aIts Occasional papers,
_vno. 5
651 0 _aIndia
_xEconomic policy.
810 2 _aNational Council of Applied Economic Research.
_tOccasional papers,
_vno. 5.
999 _c56618
_d56618